[Event "VIE-ch U07"]
[Site "Ho Chi Minh City"]
[Date "2014.07.15"]
[Round "4"]
[White "Do, Dac Loc"]
[Black "Le, Minh Tuan Anh"]
[Result "0-1"]
[WhiteElo "1388"]
[BlackElo "1416"]
[PlyCount "28"]
[EventDate "2014.07.13"]
[EventType "swiss"]
[EventRounds "9"]
[EventCountry "VIE"]
[SourceTitle "EXT 2016"]
[Source "ChessBase"]
[SourceDate "2015.10.08"]
[SourceVersion "1"]
[SourceVersionDate "2015.10.08"]
[SourceQuality "1"]

1. d4 d5 2. Nc3 Nf6 3. Nf3 e6 4. e3 Bd6 5. Bd3 0-0 6. 0-0 Nbd7 7. h3 c5 8. dxc5 Nxc5 9. Be2 a6 10. b3 Bb8 11. Ba3 Qc7 12. b4 Nce4 13. Nxe4 dxe4 14. Ng5 Qh2# 0-1